|
|
|
|
| LEADER |
00682nab#a2200277#ar4500 |
| 001 |
000079967 |
| 003 |
SVKKK |
| 005 |
20060726113559.0 |
| 008 |
060725c2006 xo e slo |
| FMT |
|
|
|
| 038 |
|
|
|a SVKKK
|
| 040 |
|
|
|a SVKKK
|b slo
|e AACR2
|
| 041 |
0 |
|
|a slo
|
| 044 |
|
|
|a xo
|c SK
|
| 080 |
|
|
|a 655.3.066.13
|2 1997
|
| 100 |
1 |
|
|a Kollár, Daniel
|4 aut
|
| 245 |
1 |
0 |
|a Čo písali Krásy Slovenska v roku 1935
|c Daniel Kollár
|
| 300 |
|
|
|b Obr.
|
| 630 |
0 |
4 |
|a Krásy Slovenska (časopis)
|x dejiny
|y 1935
|
| 773 |
0 |
|
|t Krásy Slovenska
|x 0323-0643
|g Roč. 83, č. 3-4 (2006), s. 50-51
|
| 974 |
|
|
|a MI
|
| 992 |
|
|
|a RBX
|
| BAS |
|
|
|
| 852 |
|
|
|a SVKKK
|b BIB
|
| EXP |
|
|
|
| 998 |
|
|
|a REG
|